Catálogo

과달루페 성모님과 함께하는 여정 / (Registro nro. 24218)

Detalles MARC
000 -LEADER
fixed length control field 01358cam a2200337 i 4500
001 - CONTROL NUMBER
control field 24218
003 - CONTROL NUMBER IDENTIFIER
control field Mx-PuUPA
005 - DATE AND TIME OF LATEST TRANSACTION
control field 20250603121550.0
008 - FIXED-LENGTH DATA ELEMENTS--GENERAL INFORMATION
fixed length control field 140415s2010 ko a fr 001 0 kor d
040 ## - CATALOGING SOURCE
Original cataloging agency Mx-PuUPA
Language of cataloging spa
Transcribing agency Mx-PuUPA
Modifying agency Mx-PuUPA
Description conventions rda
041 0# - LANGUAGE CODE
Language code of text/sound track or separate title kor
043 ## - GEOGRAPHIC AREA CODE
Geographic area code n-mx---
110 1# - MAIN ENTRY--CORPORATE NAME
Corporate name or jurisdiction name as entry element Sociedad de la Misión Extranjera de Guadalupe de Corea,
9 (RLIN) 17106
245 10 - TITLE STATEMENT
Title 과달루페 성모님과 함께하는 여정 /
Statement of responsibility, etc. Sociedad de la Misión Extranjera de Guadalupe de Corea
246 14 - VARYING FORM OF TITLE
Title proper/short title La guadalupana
246 13 - VARYING FORM OF TITLE
Title proper/short title [Viaje con Nuestra Señora de Guadalupe]
264 #1 - PRODUCTION, PUBLICATION, DISTRIBUTION, MANUFACTURE, AND COPYRIGHT NOTICE
Place of production, publication, distribution, manufacture Seúl, Corea del Sur :
Name of producer, publisher, distributor, manufacturer Guadalupe Missioners,
Date of production, publication, distribution, manufacture, or copyright notice 2010
300 ## - PHYSICAL DESCRIPTION
Extent 191 páginas :
Other physical details ilustraciones (principalmente a color) ;
Dimensions 18 cm
336 ## - CONTENT TYPE
Fuente rdacontent
Content type term texto
Content type code txt
337 ## - MEDIA TYPE
Source rdamedia
Media type term sin medio
Media type code n
338 ## - CARRIER TYPE
Source rdacarrier
Carrier type term volumen
Carrier type code nc
600 04 - SUBJECT ADDED ENTRY--PERSONAL NAME
Personal name Nuestra Señora de Guadalupe
General subdivision Apariciones y milagros
Geographic subdivision México
General subdivision Historia
650 #7 - SUBJECT ADDED ENTRY--TOPICAL TERM
Source of heading or term armarc
Topical term or geographic name entry element Indígenas de México
General subdivision Historia
Chronological subdivision hasta 1917
651 #4 - SUBJECT ADDED ENTRY--GEOGRAPHIC NAME
Geographic name México
General subdivision Historia
-- Descubrimiento y conquista
Chronological subdivision 1517-1521
651 #4 - SUBJECT ADDED ENTRY--GEOGRAPHIC NAME
Geographic name Corea
General subdivision Peregrinaciones
Geographic subdivision México
651 #4 - SUBJECT ADDED ENTRY--GEOGRAPHIC NAME
Geographic name México
General subdivision Vida social y costumbres
-- Historia
942 ## - ADDED ENTRY ELEMENTS (KOHA)
Source of classification or shelving scheme Dewey Decimal Classification
Koha item type Libro
Classification part 232.9170972
Item part L72
260 ## - PUBLICATION, DISTRIBUTION, ETC.
Place of publication, distribution, etc. [s.l.] :
Name of publisher, distributor, etc. MANUEL RICARDO MUÑOZCANO LOPEZ,
Date of publication, distribution, etc. 1996.
Existencias
Withdrawn status Lost status Source of classification or shelving scheme Damaged status Not for loan Collection code Home library Current library Shelving location Date acquired Source of acquisition Total Checkouts Full call number Barcode Date last seen Price effective from Koha item type
    Dewey Decimal Classification     General Centro de Estudios Guadalupanos Centro de Estudios Guadalupanos Sala general 03/12/2013   232.9170972 L72 2010 62614 05/01/2026 03/12/2013 Libro